Paesi che Confinano con la Spagna - Statistics

Statistiche generali
  • Questo quiz è stato fatto 7.048 volte
  • Il punteggio medio è 4 su 5
Statistiche sulle risposte
km Paese % Corretto
623 Francia
99%
1,214 Portogallo
99%
64 Andorra
96%
17 Marocco
82%
1 UK (Gibilterra)
67%
Nessun quiz corrispondente trovato
Distribuzione punteggi
Percentuale di utenti per punteggio
Percentile per numero di risposta
I tuoi punteggi nel tempo
Non hai fatto questo quiz